Posúdenie čistiacej chopnosti čistiarne odpadových vôd na základe vybraných analýz = The examination of the waste water cleaner's cleaning ability based on the selected analysis : Diplomová práca

Saved in:
Bibliographic Details
Main Author: Danko, Miroslav (Author)
Other Authors: Kuracina, Richard, 1979- (xxx)
Format: Manuscript Book
Language:Slovak
Published: Trnava : STU v Bratislave MTF UBEI, 2009
Subjects:
Tags: Add Tag
No Tags, Be the first to tag this record!

MARC

LEADER 00000ntm a22000003a 4500
001 stu180139
005 20160719160123.1
008 090216s2009----xo------------------slo-d
040 |a STU  |b slo 
041 0 |a slo 
044 |a xo 
100 1 |a Danko, Miroslav  |4 aut 
245 1 |a Posúdenie čistiacej chopnosti čistiarne odpadových vôd na základe vybraných analýz = The examination of the waste water cleaner's cleaning ability based on the selected analysis :  |b Diplomová práca 
260 |a Trnava :  |b STU v Bratislave MTF UBEI,  |c 2009 
300 |a 99 s  |c 1 CD-ROM 
500 |a Študijný program: environmentálne a bezpečnostné inžinierstvo 
500 |a Kombinácia študijných odborov: 4.3.2 environmentálne inžinierstvo, 8.3.5 bezpečnosť a ochrana zdravia pri práci 
650 7 |a čistiarne odpadových vôd  |2 stusub 
650 7 |a odpadová voda  |2 stusub 
700 1 |a Kuracina, Richard,  |d 1979-  |4 xxx  |u M5000  |U MTF Materiálovotechnologická fakulta  |T MTF Ústav bezpečnosti, environmentu a kvality  |X 38282  |U M5000  |Y 85  |7 A000038282 
996 |b 284M069677  |c M*DP-7514  |l MMSKP  |s P  |a 0  |w stu180139_0001